<?xml version="1.0" encoding="UTF-8"?>
<record
    xmlns:xsi="http://www.w3.org/2001/XMLSchema-instance"
    xsi:schemaLocation="http://www.loc.gov/MARC21/slim http://www.loc.gov/standards/marcxml/schema/MARC21slim.xsd"
    xmlns="http://www.loc.gov/MARC21/slim">

  <leader>00706nam a2200265Ia 4500</leader>
  <controlfield tag="001">Para_6503</controlfield>
  <controlfield tag="003">CHAP</controlfield>
  <controlfield tag="008">220125s1999    xx            000 0 und d</controlfield>
  <datafield tag="010" ind1=" " ind2=" ">
    <subfield code="a">205361</subfield>
  </datafield>
  <datafield tag="040" ind1=" " ind2=" ">
    <subfield code="c">CHAP</subfield>
  </datafield>
  <datafield tag="090" ind1=" " ind2=" ">
    <subfield code="a">PA FOLLETO 511</subfield>
  </datafield>
  <datafield tag="110" ind1=" " ind2=" ">
    <subfield code="a">M&#xE9;xico. Direcci&#xF3;n General de Defensa Agr&#xED;cola</subfield>
    <subfield code="9">76968</subfield>
  </datafield>
  <datafield tag="245" ind1=" " ind2=" ">
    <subfield code="a">Mosca del mediterr&#xE1;neo /</subfield>
    <subfield code="c"> por DGDA</subfield>
  </datafield>
  <datafield tag="260" ind1=" " ind2=" ">
    <subfield code="a">s.l. :</subfield>
    <subfield code="b"> La Direcci&#xF3;n</subfield>
  </datafield>
  <datafield tag="300" ind1=" " ind2=" ">
    <subfield code="a">10 p.</subfield>
  </datafield>
  <datafield tag="650" ind1=" " ind2=" ">
    <subfield code="a">Control de Plagas</subfield>
    <subfield code="9">27595</subfield>
  </datafield>
  <datafield tag="650" ind1=" " ind2=" ">
    <subfield code="a">Mosca del mediterr&#xE1;neo </subfield>
    <subfield code="9">78991</subfield>
  </datafield>
  <datafield tag="901" ind1=" " ind2=" ">
    <subfield code="a">PA FOLLETO 511</subfield>
  </datafield>
  <datafield tag="902" ind1=" " ind2=" ">
    <subfield code="a">A</subfield>
  </datafield>
  <datafield tag="905" ind1=" " ind2=" ">
    <subfield code="a">00000019--                                 0000000000   00</subfield>
  </datafield>
  <datafield tag="910" ind1=" " ind2=" ">
    <subfield code="a">19--</subfield>
  </datafield>
  <datafield tag="942" ind1=" " ind2=" ">
    <subfield code="c">PARA</subfield>
  </datafield>
  <datafield tag="942" ind1=" " ind2=" ">
    <subfield code="c">PARA</subfield>
    <subfield code="d">1</subfield>
  </datafield>
  <datafield tag="999" ind1=" " ind2=" ">
    <subfield code="c">205361</subfield>
    <subfield code="d">205361</subfield>
  </datafield>
  <datafield tag="952" ind1=" " ind2=" ">
    <subfield code="0">0</subfield>
    <subfield code="1">0</subfield>
    <subfield code="2">local</subfield>
    <subfield code="4">0</subfield>
    <subfield code="7">0</subfield>
    <subfield code="8">FOLL</subfield>
    <subfield code="a">PA</subfield>
    <subfield code="b">PA</subfield>
    <subfield code="c">12</subfield>
    <subfield code="d">2005-10-27</subfield>
    <subfield code="f">PARA</subfield>
    <subfield code="l">0</subfield>
    <subfield code="p">PA_4738</subfield>
    <subfield code="r">2022-01-25 00:00:00</subfield>
    <subfield code="w">2022-01-25</subfield>
    <subfield code="y">FOLL</subfield>
    <subfield code="z">3</subfield>
  </datafield>
</record>
